000 00361 a2200157 4500
001 152657
040 _cEscola São Tomás de Aquino
100 _aTELLES, Carlos Queiroz
240 1 0 _aSete faces d familía
_lpor
245 1 0 _aSete faces d familía
300 _a111
362 0 _a1992
440 1 _aModerna
697 _a*LITERATURA JUVENIL
942 _cBK
999 _c152657
_d152657